000 00701nam a2200253Ia 4500
003 OSt
005 20220918220619.0
006 a|||||r|||| 00| 0
007 ta
008 220917b |||||||| |||| 00| 0 eng d
024 _a146,528
037 _cTextual
040 _aARTS
_cARTS
_beng
041 _2eng
_aeng
082 _aY41(T):3, M4
100 _aPassi B K
_9137893
245 0 _aModule of feedback training
_b Through microteaching approach
260 _aAgra
_bNational Psychological Corporation
_c1984
300 _aix, 80p.
_ccm.
500 _aBibliography p77-80
650 _aSOCIOLOGY
942 _hY41(T):3, M4
_cTEXL
_2CC
999 _c269284
_d269284